A tiger by the tail : A 40-years' running commentary on Keynesianism by Hayek
Uloženo v:
| Hlavní autor: | |
|---|---|
| Médium: | Kniha |
| Jazyk: | Undetermined |
| Vydáno: |
London
Institute of Economic Affairs
1972
|
| Témata: | |
| Tagy: |
Přidat tag
Žádné tagy, Buďte první, kdo otaguje tento záznam!
|
| Thư viện lưu trữ: | Trung tâm Học liệu Trường Đại học Cần Thơ |
|---|
| LEADER | 00538nam a2200181Ia 4500 | ||
|---|---|---|---|
| 001 | CTU_78510 | ||
| 008 | 210402s9999 xx 000 0 und d | ||
| 082 | |a 330.15 | ||
| 082 | |b H417 | ||
| 100 | |a Hayek, F. A. | ||
| 245 | 2 | |a A tiger by the tail : | |
| 245 | 2 | |b A 40-years' running commentary on Keynesianism by Hayek | |
| 245 | 0 | |c F. A. Hayek, Sudha R. Shenoy | |
| 260 | |a London | ||
| 260 | |b Institute of Economic Affairs | ||
| 260 | |c 1972 | ||
| 650 | |a Keynesian economics | ||
| 980 | |a Trung tâm Học liệu Trường Đại học Cần Thơ | ||